Statistics for Death Eaters - Harry Potter

Click here to take the quiz!

General Stats

  • This quiz has been taken 315 times
  • The average score is 20 of 28

Answer Stats

Answer% Correct
Bellatrix Lestrange
96%
Lucius Malfoy
95%
Draco Malfoy
87%
Peter Pettigrew
83%
Severus Snape
83%
Rodolphus Lestrange
80%
Antonin Dolohov
78%
Goyle
78%
Yaxley
78%
Crabbe
77%
Barty Crouch
75%
Rabastan Lestrange
73%
Regulus Black
72%
Alecto Carrow
69%
Amycus Carrow
69%
Igor Karkaroff
69%
Augustus Rookwood
68%
Avery
67%
Nott
66%
Walden Macnair
64%
Evan Rosier
60%
Travers
60%
Thorfinn Rowle
58%
Mulciber
56%
Selwyn
55%
Gibbon
53%
Jugson
47%
Wilkes
46%

Score Distribution

Percentile by Number Answered

Percent of People with Each Score

Your Score History

You have not taken this quiz